Wybory prezydenckie w Warszawie w 2018 - Statystyki

Ogólne statystyki
  • Ten quiz został rozwiązany 16 razy
  • Średni wynik to 4 z 14
Statystyki odpowiedzi
Kandydaci na prezydenta Warszawy Procent poparcia i partia % Poprawnych
Rafał Trzaskowski 56,67% (KO)
100%
Patryk Jaki 28,53% (PIS)
73%
Marek Jakubiak 2,99% (Kukiz15*)
64%
Janusz Korwin-Mikke 1,29% (KORWiN)
55%
Jan Śpiewak 2,99% (bezpartyjny)
36%
Paweł Tanajno 0,42% (Demokracja Bezpośrednia)
36%
Jan Zbigniew Potocki 0,24% (ll Rzeczpospolita Polska)
27%
Piotr Ikonowicz 0,82% (Ruch Sprawiedliwości Społecznej)
27%
Jakub Stefaniak 0,31% (PSL)
9%
Justyna Glusman 2,32% (Miasto jest Nasze)**
9%
Krystyna Krzekotowska 0,18% (Światowy Kongres Polaków**)
9%
Andrzej Rozenek 1,50% (SLD Lewica Razem)
0%
Jacek Wojciechowicz 1,01% (bezpartyjny)
0%
Sławomir Antonik 0,72% (Bezpartyjni Samorządowcy*)
0%
Nie znaleziono quizów pasujących do podanych kryteriów
Rozkład punktacji
Procent ludzi z każdym wynikiem
Percentyl według liczby udzielonych odpowiedzi
Twoja historia wyników
Nie rozwiązałeś tego quizu